02164nam a22002657a 450000500170000001000150001702000260003203500130005803700130007108200130008424501240009726000390022127000640026030000250032450000510034950511490040065000550154965000560160470000200166070000200168070000160170094200270171699900170174395201380176020141015124813.0 aENG-111079 a9788132116639c995.00 aEN-94611 bDBAD/PUB a323.1542 aDevelopment failure and identity politics in Uttar Pradesh /c edited by Roger Jeffery, Craig Jeffrey [and] Jens Lerche aNew DelhibSAGE Publicationsc2014 aB1/I-1 Mohan Cooperative Industrial AreabNew Delhie110044 axiii,270p.c23cm(Hb) aIncludes bibliographical references and index. aPreface -- Introduction: democratisation in Uttar Pradesh / Craig Jeffrey -- Rural transformation and occupational diversification in western Uttar Pradesh : economic and demographic changes in a village / Satendra Kumar -- Underserved and overdosed? : Muslims and the pulse polio initiative in rural north India / Patricia Jeffery -- The elusive pursuit of social justice for dalits in Uttar Pradesh / Ali Mehdi -- Agency in words, self-representation in action : connecting and disconnecting dalit and low-caste women with India’s history of gender and politics / Manuela Ciotti -- Political cooperation and distrust : identity politics and Yadav Muslim relations, 1999-2009 / Lucia Michelutti and Oliver Heath -- On whose behalf? : women’s activism and identity politics in Uttar Pradesh / Radhika Govinda -- The politics of identity and the people left behind : the Mallah community of Uttar Pradesh / Assa Doron -- Working narratives of intercommunity harmony in Varanasi’s : silk sari industry / Philippa williams -- Democracy and development in Uttar Pradesh / Zoya Hasan -- Glossary -- About the editors and contributors -- Index. aInfrastructure (Economics) zIndia zUttar Pradesh aWomen zIndia zUttar Pradesh x Social conditions. a Jeffery, Roger a Jeffery, Craig aLerche,Jens 2ddccENh323.1542mDEV c89308d89308 001040718NFICaDBADbDBADd2014-10-15eDBAD/PUBg995.00l0o323.1542 DEVpEN-94611r2014-10-15 00:00:00t1v995.00w2014-10-15yEN